<?xml version="1.0" encoding="UTF-8"?>
<record
    xmlns:xsi="http://www.w3.org/2001/XMLSchema-instance"
    xsi:schemaLocation="http://www.loc.gov/MARC21/slim http://www.loc.gov/standards/marcxml/schema/MARC21slim.xsd"
    xmlns="http://www.loc.gov/MARC21/slim">

  <leader>02025nam a22002297a 4500</leader>
  <controlfield tag="001">8322</controlfield>
  <controlfield tag="003">FISKH</controlfield>
  <controlfield tag="005">20250909095115.0</controlfield>
  <controlfield tag="008">250909b        cb ||||| |||| 00| 0 eng d</controlfield>
  <datafield tag="040" ind1=" " ind2=" ">
    <subfield code="a">FISKH</subfield>
    <subfield code="b">khr </subfield>
    <subfield code="c">FISKH</subfield>
    <subfield code="d">FISKH</subfield>
  </datafield>
  <datafield tag="050" ind1=" " ind2=" ">
    <subfield code="a">PZ7 </subfield>
  </datafield>
  <datafield tag="082" ind1=" " ind2=" ">
    <subfield code="a">591.7</subfield>
  </datafield>
  <datafield tag="100" ind1=" " ind2=" ">
    <subfield code="a">Anonymous </subfield>
  </datafield>
  <datafield tag="245" ind1=" " ind2=" ">
    <subfield code="a">&#x179F;&#x17C0;&#x179C;&#x1797;&#x17C5;&#x179A;&#x17C0;&#x1793; &#x179F;&#x17D2;&#x179A;:&#x1787;&#x17B6;&#x1797;&#x17B6;&#x179F;&#x17B6;&#x1781;&#x17D2;&#x1798;&#x17C2;&#x179A; / </subfield>
  </datafield>
  <datafield tag="260" ind1=" " ind2=" ">
    <subfield code="a">Phnom Penh : </subfield>
    <subfield code="b">Obsok Books, </subfield>
    <subfield code="c">2020. </subfield>
  </datafield>
  <datafield tag="300" ind1=" " ind2=" ">
    <subfield code="a">24 pages : </subfield>
    <subfield code="b">color illustrations ; </subfield>
    <subfield code="c">25 cm </subfield>
  </datafield>
  <datafield tag="505" ind1=" " ind2=" ">
    <subfield code="a">NP
</subfield>
  </datafield>
  <datafield tag="520" ind1=" " ind2=" ">
    <subfield code="a">&#x179A;&#x17C0;&#x1793;&#x179F;&#x17D2;&#x179A;&#x17C7; &#x1787;&#x17B6;&#x179F;&#x17C0;&#x179C;&#x1797;&#x17C5;&#x179F;&#x17B7;&#x1780;&#x17D2;&#x179F;&#x17B6;&#x179F;&#x1798;&#x17D2;&#x179A;&#x17B6;&#x1794;&#x17CB;&#x1780;&#x17BB;&#x1798;&#x17B6;&#x179A; &#x178A;&#x17C2;&#x179B;&#x178E;&#x17C2;&#x1793;&#x17B6;&#x17C6;&#x17A2;&#x17C6;&#x1796;&#x17B8; &#x179F;&#x178F;&#x17D2;&#x179C; &#x179A;&#x17BB;&#x1780;&#x17D2;&#x1781;&#x1787;&#x17B6;&#x178F;&#x17B7; &#x1793;&#x17B7;&#x1784;&#x1794;&#x17D2;&#x179A;&#x1796;&#x17D0;&#x1793;&#x17D2;&#x1792;&#x17A2;&#x17C1;&#x1780;&#x17BC;&#x17A1;&#x17BC;&#x179F;&#x17D2;&#x1790;&#x17B6;&#x1793;&#x1780;&#x17D2;&#x1793;&#x17BB;&#x1784;&#x179F;&#x17D2;&#x179A;&#x17C7;&#x17D4; &#x178F;&#x17B6;&#x1798;&#x179A;&#x1799;&#x17C8;&#x179A;&#x17BC;&#x1794;&#x1797;&#x17B6;&#x1796;&#x1796;&#x178E;&#x17CC;&#x179F;&#x17D2;&#x179A;&#x179F;&#x17CB; &#x1793;&#x17B7;&#x1784;&#x17A2;&#x178F;&#x17D2;&#x1790;&#x1794;&#x1791;&#x179F;&#x17B6;&#x1798;&#x1789;&#x17D2;&#x1789;&#x1787;&#x17B6;&#x1797;&#x17B6;&#x179F;&#x17B6;&#x1781;&#x17D2;&#x1798;&#x17C2;&#x179A; &#x1780;&#x17BB;&#x1798;&#x17B6;&#x179A;&#x1794;&#x17B6;&#x1793;&#x179A;&#x17C0;&#x1793;&#x17A2;&#x17C6;&#x1796;&#x17B8; &#x178F;&#x17D2;&#x179A;&#x17B8; &#x178A;&#x1784;&#x17D2;&#x1780;&#x17D2;&#x179A;&#x17B6; &#x1796;&#x17D2;&#x179A;&#x17B9;&#x1780;&#x17D2;&#x179F;&#x1780;&#x178E;&#x17D2;&#x178F;&#x17BB;&#x179A; &#x179F;&#x178F;&#x17D2;&#x179C;&#x179B;&#x17D2;&#x17A2;&#x17B7;&#x178F; &#x1793;&#x17B7;&#x1784;&#x179A;&#x17BB;&#x1780;&#x17D2;&#x1781;&#x1787;&#x17B6;&#x178F;&#x17B7;&#x1791;&#x17B9;&#x1780;&#x17D4; &#x179F;&#x17C0;&#x179C;&#x1797;&#x17C5;&#x1793;&#x17C1;&#x17C7;&#x179B;&#x17BE;&#x1780;&#x179F;&#x17D2;&#x1791;&#x17BD;&#x1799;&#x1780;&#x17B6;&#x179A;&#x179F;&#x1784;&#x17D2;&#x1780;&#x17C1;&#x178F; &#x1780;&#x17B6;&#x179A;&#x179F;&#x17BD;&#x179A;&#x179F;&#x17C6;&#x178E;&#x17BD;&#x179A; &#x1793;&#x17B7;&#x1784;&#x1780;&#x17B6;&#x179A;&#x1782;&#x17C4;&#x179A;&#x1796;&#x1794;&#x179A;&#x17B7;&#x179F;&#x17D2;&#x1790;&#x17B6;&#x1793; &#x178A;&#x17BE;&#x1798;&#x17D2;&#x1794;&#x17B8;&#x17B2;&#x17D2;&#x1799;&#x1780;&#x17BB;&#x1798;&#x17B6;&#x179A;&#x1799;&#x179B;&#x17CB;&#x1796;&#x17B8;&#x1780;&#x17B6;&#x179A;&#x1794;&#x17D2;&#x179A;&#x178F;&#x17B7;&#x1794;&#x178F;&#x17D2;&#x178F;&#x17B7; &#x1793;&#x17B7;&#x1784;&#x1791;&#x17C6;&#x1793;&#x17B6;&#x1780;&#x17CB;&#x1791;&#x17C6;&#x1793;&#x1784;&#x179A;&#x179C;&#x17B6;&#x1784;&#x179F;&#x178F;&#x17D2;&#x179C;&#x179F;&#x17B6;&#x1792;&#x17B6;&#x179A;&#x178E;&#x17C8; &#x1793;&#x17B7;&#x1784;&#x1792;&#x1798;&#x17D2;&#x1798;&#x1787;&#x17B6;&#x178F;&#x17B7;&#x17D4;</subfield>
  </datafield>
  <datafield tag="520" ind1=" " ind2=" ">
    <subfield code="a">Learning About the Pond is an educational book for children that introduces the plants, animals, and ecosystem of a pond. Through colorful illustrations and simple text in Khmer, children learn about fish, frogs, insects, aquatic plants, and the balance of nature in a freshwater habitat. The book encourages observation, curiosity, and respect for the environment, helping young readers understand how living things interact in their ecosystem.</subfield>
  </datafield>
  <datafield tag="942" ind1=" " ind2=" ">
    <subfield code="2">ddc</subfield>
    <subfield code="c">KHB</subfield>
    <subfield code="n">0</subfield>
  </datafield>
  <datafield tag="999" ind1=" " ind2=" ">
    <subfield code="c">8322</subfield>
    <subfield code="d">8322</subfield>
  </datafield>
  <datafield tag="952" ind1=" " ind2=" ">
    <subfield code="0">0</subfield>
    <subfield code="1">0</subfield>
    <subfield code="2">ddc</subfield>
    <subfield code="4">0</subfield>
    <subfield code="7">0</subfield>
    <subfield code="8">KH</subfield>
    <subfield code="a">001</subfield>
    <subfield code="b">001</subfield>
    <subfield code="c">OKHR</subfield>
    <subfield code="d">2025-09-09</subfield>
    <subfield code="l">0</subfield>
    <subfield code="o">ANO 591.7 PZ7 </subfield>
    <subfield code="p">2025-4396</subfield>
    <subfield code="r">2025-09-09 09:50:35</subfield>
    <subfield code="t">1</subfield>
    <subfield code="w">2025-09-09</subfield>
    <subfield code="y">KHB</subfield>
  </datafield>
</record>
